Statistics for 15 Largest Cities in Finland🇫🇮

Click here to take the quiz!

General Stats

  • This quiz has been taken 46 times
  • The average score is 9 of 15

Answer Stats

PopulationCity% Correct
558kHelsinki
100%
202kTampere
97%
175kTurku
92%
128kOulu
83%
256kEspoo
81%
190kVantaa
69%
98kLahti
58%
89kKuopio
56%
57kVaasa
56%
76kPori
53%
59kLappeenranta
42%
53kJoensuu
36%
85kJyvaeskylae
31%
54kKotka
28%
47kHaemeenlinna
11%

Score Distribution

Percentile by Number Answered

Percent of People with Each Score

Your Score History

You have not taken this quiz